Relatos de guerra /
Guardado en:
| Autor Principal: | |
|---|---|
| Formato: | Libro |
| Publicado: |
Buenos Aires :
Autores de Argentina,
2018.
|
| Materias: | |
| Etiquetas: |
Agregar Etiqueta
Sin Etiquetas, Sea el primero en etiquetar este registro!
|
| LEADER | 00651nam a22002295a 4500 | ||
|---|---|---|---|
| 001 | CEM.cems019083 | ||
| 008 | 220627s2018##################000#0#####d | ||
| 005 | 20220627165118.0 | ||
| 003 | CEMS | ||
| 245 | 1 | 0 | |a Relatos de guerra / |c Mario Ormachea Lugones. |
| 260 | |a Buenos Aires : |b Autores de Argentina, |c 2018. | ||
| 300 | |a 200 p. | ||
| 020 | |a 9789877614190 | ||
| 100 | 1 | |a Ormachea Lugones, Mario | |
| 082 | 0 | 4 | |a A863.4 |
| 653 | |a Literatura | ||
| 653 | |a Literatura argentina | ||
| 653 | |a Literatura bahiense | ||
| 653 | |a Novelas | ||
| 653 | |a Relato | ||
| 653 | |a Narrativa bahiense | ||
| 859 | |a CEMS |b BIB. CEMS - 11 de abril |h A863.4 |i Or56-1 |p 29326.22 |t Ej. 1 | ||
